01679nam a2200469 i 450000100060000000300080000600500170001400600190003100700150005000800410006502000270010602000180013303500230015103500240017403500250019803500210022304000310024405000210027508000070029608200170030310000180032024501310033826400390046930000410050833600310054933700330058033800430061349000300065650000220068650400290070858801230073765000300086065000360089065000320092665000400095865000300099865000310102865500270105970000300108683000310111685600620114732385FlNmELB20241216220734.0m o d | cr cnu||||||||160705s2014 sp ob 001 0 spa d a9788427720107 (e-book) z9788427718036 a(MiAaPQ)EBC4507993 a(Au-PeEL)EBL4507993 a(CaPaEBR)ebr11205462 a(OCoLC)984826479 aFINmELBbspaerdacFINmELB 4aAZ103bB784 2014 a370 a370.15232231 aBowden, John.13aLa universidad :bun espacio para el aprendizaje : más allá de la calidad y la competencia /cJohn Bowden, Ference Marton. 1aMadrid :bNarcea Ediciones,c2014. a1 recurso en línea (345 páginas) atextobtxt2rdacontent/spa acomputadorabc2rdamedia/spa arecurso en líneabcr2rdacarrier/spa1 aColección Universitaria aIncluye índice. aContiene bibliografía. aDescripción basada en recurso en línea; Título de la página del título en PDF (e-libro, visto July 5, 2016). 0aEducation, HigherzSpain. 4aEducación SuperiorzEspaña. 0aCompetency-based education. 4aEducación basada en competencias. 0aLearning and scholarship. 4aFormación y aprendizaje. 4aLibros electrónicos.1 aMarton, Ference,eautora. 0aColección Universitaria.40uhttps://elibro.net/ereader/politecnicointernacional/46178